Economic impact of tribolium castaneum on grain storage in cambodia ឥទ្ធិពលសេដ្ឋកិច្ចTribolium castaneum ទៅលើការស្ដុកគ្រាប់ធញ្ញជាតិ ក្នុងលក្ខខ័ណ្ឌនៃប្រទេសកម្ពុជា (Record no. 298)
[ view plain ]
| 000 -LEADER | |
|---|---|
| fixed length control field | 00663nam a22001577a 4500 |
| 003 - CONTROL NUMBER IDENTIFIER | |
| control field | OSt |
| 005 - DATE AND TIME OF LATEST TRANSACTION | |
| control field | 20150912132642.0 |
| 008 - FIXED-LENGTH DATA ELEMENTS--GENERAL INFORMATION | |
| fixed length control field | 150912b xxu||||| |||| 00| 0 eng d |
| 040 ## - CATALOGING SOURCE | |
| Transcribing agency | RUA |
| 082 ## - DEWEY DECIMAL CLASSIFICATION NUMBER | |
| Classification number | AGR LAN 1997 B018 Or.1 |
| 100 ## - MAIN ENTRY--PERSONAL NAME | |
| 9 (RLIN) | 318 |
| Personal name | LANG SENGHORNG |
| 245 ## - TITLE STATEMENT | |
| Title | Economic impact of tribolium castaneum on grain storage in cambodia ឥទ្ធិពលសេដ្ឋកិច្ចTribolium castaneum ទៅលើការស្ដុកគ្រាប់ធញ្ញជាតិ ក្នុងលក្ខខ័ណ្ឌនៃប្រទេសកម្ពុជា |
| 260 ## - PUBLICATION, DISTRIBUTION, ETC. (IMPRINT) | |
| Place of publication, distribution, etc. | Phnom Penh |
| Name of publisher, distributor, etc. | RUA |
| Date of publication, distribution, etc. | 1997 |
| 300 ## - PHYSICAL DESCRIPTION | |
| Extent | 98p. |
| Other physical details | ill. |
| Dimensions | 29cm. |
| 942 ## - ADDED ENTRY ELEMENTS (KOHA) | |
| Source of classification or shelving scheme | |
| Koha item type | AGR |
| Price effective from | Date last seen | Permanent Location | Not for loan | Date acquired | Source of classification or shelving scheme | Koha item type | Barcode | Lost status | Damaged status | Shelving location | Withdrawn status | Current Location | Full call number |
|---|---|---|---|---|---|---|---|---|---|---|---|---|---|
| 2015-09-12 | 2015-09-12 | Library Block B | 2015-09-12 | AGR | RUA004076 | B018 | Library Block B | AGR LAN 1997 B018 Or.1 | |||||
| 2015-09-12 | 2015-09-12 | Library Block B | 2015-09-12 | AGR | RUA005130 | B018 | Library Block B | AGR LAN 1997 B018 Or.2 | |||||
| 2015-09-12 | 2015-09-12 | Library Block B | 2015-09-12 | AGR | RUA005060 | B018 | Library Block B | AGR LAN 1997 B018 Or.3 | |||||
| 2015-09-12 | 2015-09-12 | Library Block B | 2015-09-12 | AGR | RUA004077 | B018 | Library Block B | AGR LAN 1997 B018 Or.4 | |||||
| 2015-09-12 | 2015-09-12 | Library Block B | 2015-09-12 | AGR | RUA005200 | B018 | Library Block B | AGR LAN 1997 B018 Or.5 | |||||
| 2015-09-12 | 2015-09-12 | Library Block B | 2015-09-12 | AGR | RUA004232 | B018 | Library Block B | AGR LAN 1997 B018 Or.6 | |||||
| 2015-09-12 | 2015-09-12 | Library Block B | 2015-09-12 | AGR | RUA004233 | B018 | Library Block B | AGR LAN 1997 B018 Or.7 |